[Event "FIDE Chesscom Grand Swiss 2019"]
[Site "Douglas-Isle of Man"]
[Date "2019.10.14"]
[Round "5.24"]
[White "Sasikiran, Krishnan"]
[Black "Rakhmanov, Aleksandr"]
[Result "1/2-1/2"]
[WhiteElo "2675"]
[BlackElo "2621"]
[Annotator "TA"]
[PlyCount "116"]
[EventDate "2019.10.10"]
[EventType "swiss"]
[EventCountry "GBR"]
[SourceTitle "playchess.com"]
[Source "ChessBase"]
[SourceQuality "1"]

{[%evp 18,116,33,38,43,41,34,33,40,40,41,42,32,41,37,33,43,31,42,31,31,31,31,31,31,31,31,31,31,29,39,39,39,39,39,39,39,39,39,39,38,31,31,31,31,31,31,31,31,31,31,31,31,31,31,31,31,24,31,18,31,12,23,22,31,31,33,0,0,0,0,0,0,0,0,0,0,0,0,0,0,0,0,0,0,0,0,0,0,0,0,0,0,0,0,0,0,0,0,0,0]} 1. e4 e5 2. Nf3 Nf6 3. d4 exd4 4. e5 Ne4 5. Qxd4 d5 6. exd6 Nxd6 7. Nc3 Nc6 8. Qf4 Bf5 9. Bb5 Qe7+ 10. Be3 Nxb5 {C43: Petroff Defence: 3 d4} ({Wrong is} 10... Bxc2 $2 11. Nd5 $18) 11. Nxb5 Qb4+ 12. Qxb4 Bxb4+ {White is slightly better.} 13. c3 Bd6 (13... Ba5 14. b4 Bd3 15. a4 a6 16. O-O-O axb5 17. Rxd3 Nxb4 18. cxb4 Bxb4 {1-0 (46) Pap,M (2511)-Wichmann,C (2349) Bad Woerishofen 2013}) 14. Nxd6+ cxd6 15. O-O-O Be6 16. b3 d5 17. Kb2 f6 18. Ne1 $146 ({Predecessor:} 18. Rhe1) 18... O-O-O 19. Nd3 b6 20. h4 h5 21. Nf4 Bf7 22. Rd2 Ne7 23. f3 Ng6 24. Ne2 Rd7 25. Bf2 Ne5 26. Nd4 Kb7 27. Rhd1 Rhd8 28. a4 Nc6 29. Ne2 Kc8 30. Nf4 Re7 31. Ka3 Red7 32. Bd4 Rh8 33. Rg1 Ne7 34. Bf2 Nc6 35. Kb2 Ne5 36. Ra1 Nc6 37. Re1 Rhd8 38. Bd4 Rh8 39. Rh1 Re7 40. Rg1 Rh7 41. Ka3 Rh8 42. g4 hxg4 {The position is equal.} 43. Rxg4 Rh7 44. Rdg2 Nxd4 45. cxd4 g6 46. Nxg6 Bxg6 47. Rxg6 Rxh4 48. R2g4 Rxg4 49. fxg4 $11 {[%mdl 4096] Endgame KR-KR} Re4 50. Kb4 Kb7 51. Kc3 a5 52. Rxf6 {Black must now prevent g5.} Rxg4 53. Rf5 Rg3+ 54. Kc2 Kc6 55. Rf6+ Kc7 56. Rf5 Kc6 57. Rf6+ Kc7 58. Rf5 Kc6 {Accuracy: White = 66%, Black = 84%.} 1/2-1/2

[Event "FIDE Chesscom Grand Swiss 2019"]
[Site "Douglas-Isle of Man"]
[Date "2019.10.14"]
[Round "5.24"]
[White "Piorun, Kacper"]
[Black "Harika, Dronavalli"]
[Result "1/2-1/2"]
[WhiteElo "2643"]
[BlackElo "2495"]
[Annotator "RC"]
[PlyCount "189"]
[EventDate "2019.10.10"]
[EventType "swiss"]
[EventCountry "GBR"]
[SourceTitle "playchess.com"]
[Source "ChessBase"]
[SourceQuality "1"]
[TimeControl "40/6000+30:20/3000+30:900+30"]

1. e4 {[%emt 0:00:00]} c5 {[%emt 0:02:31]} 2. Be2 {[%emt 0:00:00]} Nc6 {[%emt 0:01:36]} 3. f4 {[%emt 0:00:00]} e6 {[%emt 0:01:44]} 4. Nf3 {[%emt 0:00:12]} d5 {[%emt 0:00:12]} 5. d3 {[%emt 0:00:08]} Nf6 {[%emt 0:07:47]} 6. e5 {[%emt 0:12:12]} Ng8 {[%emt 0:02:57]} 7. c3 {[%emt 0:01:11]} Nh6 {[%emt 0:03:52]} 8. Na3 {[%emt 0:01:38]} Bd7 {[%emt 0:11:19]} 9. Nc2 {[%emt 0:09:24]} Nf5 {[%emt 0:14:15]} 10. O-O {[%emt 0:08:02]} h5 {[%emt 0:04:58]} 11. Qe1 {[%emt 0:09:55]} Qb6 {[%emt 0:05:56]} 12. Rb1 {[%emt 0:01:51]} a6 {[%emt 0:07:32]} 13. Qf2 {[%emt 0:09:12]} Qa7 {[%emt 0:01:02]} 14. Rd1 {[%emt 0:12:20]} g6 {[%emt 0:08:34]} 15. a3 {[%emt 0:02:13]} b5 {[%emt 0:03:02]} 16. b3 {[%emt 0:02:36]} Be7 {[%emt 0:01:19]} 17. Ne3 {[%emt 0:00:58]} Nh6 {[%emt 0:04:42]} 18. h3 {[%emt 0:04:18]} Bd8 {[%emt 0:03:20]} 19. d4 {[%emt 0:00:58]} Bb6 {[%emt 0:03:56]} 20. Bb2 {[%emt 0:02:18]} Nf5 {[%emt 0:02:06]} 21. Nxf5 {[%emt 0:02:38]} exf5 {[%emt 0:00:26]} 22. Kh1 {[%emt 0:01:07]} Be6 {[%emt 0:02:42]} 23. Ng5 {[%emt 0:04:10]} cxd4 {[%emt 0:06:47]} 24. cxd4 {[%emt 0:00:20]} Bd8 {[%emt 0:00:34]} 25. Nf3 {[%emt 0:08:00]} Be7 {[%emt 0:01:44]} 26. b4 {[%emt 0:03:31]} Nb8 {[%emt 0:02:43]} 27. Nd2 {[%emt 0:04:41]} Nd7 {[%emt 0:00:06]} 28. Nb3 {[%emt 0:00:04]} Nb6 {[%emt 0:00:04]} 29. Nc5 {[%emt 0:00:03]} Kf8 {[%emt 0:00:32]} 30. Bc3 {[%emt 0:02:03]} Kg7 {[%emt 0:00:13]} 31. Be1 {[%emt 0:02:16]} Rad8 {[%emt 0:01:28]} 32. Rdc1 {[%emt 0:00:54]} Rc8 {[%emt 0:01:23]} 33. Qe3 {[%emt 0:00:49]} Qa8 {[%emt 0:00:29]} 34. Qb3 {[%emt 0:01:53]} Qa7 {[%emt 0:00:30]} 35. Ra1 {[%emt 0:00:23]} Qa8 {[%emt 0:01:15]} 36. Rd1 {[%emt 0:00:17]} Rc6 {[%emt 0:01:26]} 37. a4 {[%emt 0:01:42]} Nxa4 {[%emt 0:00:08]} 38. Nxa4 {[%emt 0:00:05]} bxa4 {[%emt 0:00:03]} 39. Qxa4 {[%emt 0:00:08]} Qc8 {[%emt 0:02:53]} 40. Bxa6 {[%emt 0:00:19]} Qc7 {[%emt 0:00:06]} 41. Bd3 {[%emt 0:53:03]} Qb6 {[%emt 0:04:44]} 42. b5 {[%emt 0:00:00]} Rcc8 {[%emt 0:00:21]} 43. Qa7 {[%emt 0:00:00]} Bd8 {[%emt 0:01:48]} 44. Bf1 {[%emt 0:00:00]} Qxa7 {[%emt 0:00:17]} 45. Rxa7 {[%emt 0:00:00]} Bb6 {[%emt 0:00:16]} 46. Raa1 {[%emt 0:00:00]} Rc2 {[%emt 0:01:28]} 47. Ba5 {[%emt 0:00:00]} Bxa5 {[%emt 0:03:15]} 48. Rxa5 {[%emt 0:00:00]} Rb8 {[%emt 0:00:07]} 49. Rb1 {[%emt 0:00:00]} Rf2 {[%emt 0:00:22]} 50. Kg1 {[%emt 0:00:00]} Rxf4 {[%emt 0:00:10]} 51. b6 {[%emt 0:00:00]} Rxd4 {[%emt 0:01:24]} 52. b7 {[%emt 0:00:00]} Bd7 {[%emt 0:00:03]} 53. Ra8 {[%emt 0:00:00]} Rxb7 {[%emt 0:00:04]} 54. Rxb7 {[%emt 0:00:00]} Bc6 {[%emt 0:00:01]} 55. Ba6 {[%emt 0:02:09]} Re4 {[%emt 0:10:53]} 56. Rd8 {[%emt 0:01:09]} Bxb7 {[%emt 0:00:07]} 57. Bxb7 {[%emt 0:00:04]} Rxe5 {[%emt 0:00:05]} 58. Bxd5 {[%emt 0:01:23]} Re7 {[%emt 0:03:00]} 59. Kf2 {[%emt 0:00:17]} Kf6 {[%emt 0:02:38]} 60. Kf3 {[%emt 0:00:56]} Ra7 {[%emt 0:03:18]} 61. Ke3 {[%emt 0:15:38]} h4 {[%emt 0:20:51]} 62. Rh8 {[%emt 0:01:22]} Ke5 {[%emt 0:04:03]} 63. Bc4 {[%emt 0:01:00]} g5 {[%emt 0:00:07]} 64. Rh6 {[%emt 0:00:46]} Ra3+ {[%emt 0:00:49]} 65. Kf2 {[%emt 0:00:40]} f6 {[%emt 0:00:22]} 66. Rh8 {[%emt 0:02:13]} Rc3 {[%emt 0:00:21]} 67. Be2 {[%emt 0:00:38]} Rc2 {[%emt 0:03:08]} 68. Re8+ {[%emt 0:00:21]} Kd6 {[%emt 0:00:05]} 69. Ke3 {[%emt 0:01:28]} Rb2 {[%emt 0:00:39]} 70. Bd3 {[%emt 0:01:32]} Kd7 {[%emt 0:09:29]} 71. Ra8 {[%emt 0:00:10]} Rxg2 {[%emt 0:00:56]} 72. Bxf5+ {[%emt 0:00:22]} Ke7 {[%emt 0:00:25]} 73. Ra7+ {[%emt 0:00:17]} Kd6 {[%emt 0:00:08]} 74. Bg4 {[%emt 0:00:52]} Rb2 {[%emt 0:01:56]} 75. Rf7 {[%emt 0:00:00]} Ke5 {[%emt 0:00:00]} 76. Re7+ {[%emt 0:00:00]} Kd5 {[%emt 0:00:00]} 77. Re8 {[%emt 0:00:00]} Rb3+ {[%emt 0:00:00]} 78. Ke2 {[%emt 0:00:00]} Rb2+ {[%emt 0:00:00]} 79. Kd3 {[%emt 0:00:00]} Rb3+ {[%emt 0:00:00]} 80. Kc2 {[%emt 0:00:00]} Rg3 {[%emt 0:00:00]} 81. Kd2 {[%emt 0:00:00]} Ra3 {[%emt 0:00:00]} 82. Bf5 {[%emt 0:00:00]} Kd4 {[%emt 0:00:00]} 83. Ke2 {[%emt 0:00:00]} Ra5 {[%emt 0:00:00]} 84. Re4+ {[%emt 0:00:16]} Kc3 {[%emt 0:00:00]} 85. Be6 {[%emt 0:00:06]} Rc5 {[%emt 0:00:49]} 86. Kf3 {[%emt 0:00:27]} f5 {[%emt 0:00:29]} 87. Ra4 {[%emt 0:00:04]} Re5 {[%emt 0:01:27]} 88. Ra6 {[%emt 0:00:09]} Kd4 {[%emt 0:00:57]} 89. Ra4+ {[%emt 0:00:27]} Kc3 {[%emt 0:00:25]} 90. Bf7 {[%emt 0:00:24]} Kd3 {[%emt 0:01:47]} 91. Ra3+ {[%emt 0:00:32]} Kd4 {[%emt 0:00:37]} 92. Bg6 {[%emt 0:01:19]} Rc5 {[%emt 0:00:13]} 93. Bh5 {[%emt 0:01:30]} Rc3+ {[%emt 0:02:19]} 94. Rxc3 {[%emt 0:00:06]} Kxc3 {[%emt 0:00:02]} 95. Bg4 {[%emt 0:00:32]} 1/2-1/2

[Event "FIDE Chesscom Grand Swiss 2019"]
[Site "Douglas-Isle of Man"]
[Date "2019.10.14"]
[Round "5.25"]
[White "Moiseenko, Alexander"]
[Black "Lei, Tingjie"]
[Result "1/2-1/2"]
[WhiteElo "2635"]
[BlackElo "2469"]
[Annotator "RC"]
[PlyCount "70"]
[EventDate "2019.10.10"]
[EventType "swiss"]
[EventCountry "GBR"]
[SourceTitle "playchess.com"]
[Source "ChessBase"]
[SourceQuality "1"]
[TimeControl "40/6000+30:20/3000+30:900+30"]

1. d4 {[%emt 0:00:00]} Nf6 {[%emt 0:00:00]} 2. c4 {[%emt 0:00:00]} e6 {[%emt 0:00:08]} 3. Nc3 {[%emt 0:00:00]} d5 {[%emt 0:00:08]} 4. cxd5 {[%emt 0:00:53]} Nxd5 {[%emt 0:00:08]} 5. e4 {[%emt 0:01:25]} Nxc3 {[%emt 0:00:11]} 6. bxc3 {[%emt 0:00:01]} c5 {[%emt 0:00:06]} 7. Rb1 {[%emt 0:02:29]} Be7 {[%emt 0:00:20]} 8. Nf3 {[%emt 0:00:13]} O-O {[%emt 0:00:11]} 9. Bc4 {[%emt 0:00:18]} Qc7 {[%emt 0:00:49]} 10. d5 {[%emt 0:12:38]} exd5 {[%emt 0:02:02]} 11. Bxd5 {[%emt 0:00:13]} Nd7 {[%emt 0:02:28]} 12. O-O {[%emt 0:01:16]} Nf6 {[%emt 0:00:38]} 13. c4 {[%emt 0:01:00]} Nxd5 {[%emt 0:01:07]} 14. cxd5 {[%emt 0:00:17]} Bd6 {[%emt 0:03:31]} 15. Bb2 {[%emt 0:09:23]} f6 {[%emt 0:00:34]} 16. Re1 {[%emt 0:03:39]} Re8 {[%emt 0:03:57]} 17. h3 {[%emt 0:09:00]} b5 {[%emt 0:04:21]} 18. Qc2 {[%emt 0:05:44]} Qf7 {[%emt 0:14:42]} 19. Ba3 {[%emt 0:13:08]} Bd7 {[%emt 0:22:30]} 20. Bb2 {[%emt 0:11:25]} Qh5 {[%emt 0:04:16]} 21. Qe2 {[%emt 0:03:02]} Re7 {[%emt 0:10:28]} 22. a4 {[%emt 0:05:43]} a6 {[%emt 0:01:15]} 23. axb5 {[%emt 0:01:34]} axb5 {[%emt 0:01:13]} 24. Ra1 {[%emt 0:01:52]} Rae8 {[%emt 0:02:45]} 25. e5 {[%emt 0:03:50]} Bxe5 {[%emt 0:20:27]} 26. Nxe5 {[%emt 0:11:14]} Qxe2 {[%emt 0:00:11]} 27. Rxe2 {[%emt 0:00:02]} fxe5 {[%emt 0:00:11]} 28. Ra7 {[%emt 0:00:23]} Bf5 {[%emt 0:09:21]} 29. Rxe7 {[%emt 0:00:46]} Rxe7 {[%emt 0:00:03]} 30. Rxe5 {[%emt 0:02:17]} Rxe5 {[%emt 0:01:14]} 31. Bxe5 {[%emt 0:00:02]} Kf7 {[%emt 0:02:19]} 32. Bd6 {[%emt 0:02:29]} c4 {[%emt 0:00:03]} 33. Bb4 {[%emt 0:00:14]} Be4 {[%emt 0:00:08]} 34. d6 {[%emt 0:00:23]} Ke6 {[%emt 0:01:12]} 35. f3 {[%emt 0:00:07]} Bd3 {[%emt 0:00:43]} 1/2-1/2

[Event "FIDE Chesscom Grand Swiss 2019"]
[Site "Douglas-Isle of Man"]
[Date "2019.10.14"]
[Round "5.25"]
[White "Abasov, Nijat"]
[Black "Bacrot, Etienne"]
[Result "1/2-1/2"]
[WhiteElo "2632"]
[BlackElo "2671"]
[Annotator "TA"]
[PlyCount "62"]
[EventDate "2019.10.10"]
[EventType "swiss"]
[EventCountry "GBR"]
[SourceTitle "playchess.com"]
[Source "ChessBase"]
[SourceQuality "1"]

{[%evp 21,62,35,33,25,50,20,24,28,16,18,18,25,19,21,23,31,16,14,30,31,33,31,37,13,14,14,15,18,17,16,27,0,0,0,0,0,0,0,0,0,0,0,6]} 1. e4 e5 2. Nf3 Nc6 3. Bb5 a6 4. Ba4 Nf6 5. O-O Nxe4 6. d4 b5 7. Bb3 d5 8. dxe5 Be6 9. Nbd2 Nc5 10. c3 Be7 11. Bc2 d4 12. Nb3 {[%cal Rb3d4] C83: Open Ruy Lopez: 9 c3 Be7} (12. Nxd4 {seems wilder.} Nxd4 13. cxd4 Qxd4 14. Nf3 Qxd1 15. Rxd1 O-O 16. Bg5) 12... d3 13. Nxc5 dxc2 14. Qxd8+ {White has an edge.} Rxd8 15. Nxe6 fxe6 16. Be3 Rd5 17. Rfc1 Nxe5 18. Nxe5 Rxe5 19. Rxc2 Rd5 {[#]} 20. c4 $146 Rd7 21. cxb5 axb5 22. a4 bxa4 23. g3 Kf7 24. Rxa4 Rb8 25. Rf4+ Bf6 26. Rfc4 Rxb2 {The position is equal.} 27. Rxc7 Rxc7 28. Rxc7+ Kg6 29. Kg2 h5 30. Rc6 Kf7 31. Rc7+ Kg6 {Accuracy: White = 60%, Black = 81%.} 1/2-1/2

[Event "FIDE Chesscom Grand Swiss 2019"]
[Site "Douglas-Isle of Man"]
[Date "2019.10.14"]
[Round "5.26"]
[White "Keymer, Vincent"]
[Black "Leko, Peter"]
[Result "1/2-1/2"]
[WhiteElo "2506"]
[BlackElo "2670"]
[Annotator "TA"]
[PlyCount "74"]
[EventDate "2019.10.10"]
[EventType "swiss"]
[EventCountry "GBR"]
[SourceTitle "playchess.com"]
[Source "ChessBase"]
[SourceQuality "1"]

{[%evp 24,74,0,0,0,0,0,0,0,0,2,7,7,6,20,0,0,0,6,0,0,0,0,0,0,0,0,0,0,0,0,0,0,0,0,0,0,0,0,0,0,0,0,0,0,0,0,0,0,0,0,0,0]} 1. d4 d5 2. c4 c6 3. cxd5 cxd5 4. Nc3 Nc6 5. Nf3 Nf6 6. Bf4 Bf5 7. e3 e6 8. Bd3 Bxd3 9. Qxd3 Bd6 10. Bxd6 Qxd6 11. O-O O-O 12. Rfc1 Rfc8 13. Ne2 {The position is equal.} h6 {D14: Slav Defence: Exchange variation with ...Bf5} (13... Ne7 14. Nd2 Rxc1+ 15. Rxc1 Rc8 16. Rxc8+ Nxc8 17. h3 Nb6 18. b3 h6 19. Qc2 Ne8 20. Kf1 Qc7 21. Qxc7 Nxc7 {½-½ (37) Le,Q (2712)-Nguyen,N (2621) Dubai 2014}) 14. Nf4 $146 ({Predecessor:} 14. h3 Ne7 15. Rxc8+ Rxc8 16. Rc1 Rxc1+ 17. Nxc1 Qc6 18. Ne2 Nd7 19. Qc3 Qxc3 20. Nxc3 f6 21. Kf1 {½-½ (31) Wang,Y (2337)-Huang,Q (2440) Xinghua 2018}) 14... Ne7 15. h3 Rxc1+ 16. Rxc1 Rc8 17. Rxc8+ Nxc8 18. Qc2 Qd8 19. Nd3 Nd6 20. Nd2 Qc8 21. Qxc8+ Nxc8 $11 {[%mdl 4096] Endgame KNN-KNN} 22. f3 Nd6 23. Kf2 g5 24. g4 Kg7 25. Ne5 Ng8 26. Ke2 Ne7 27. b3 f6 28. Nd3 Nc6 29. Nb1 Kf7 30. Nc3 b6 31. Kd2 Ke7 32. a4 a5 33. Ne2 Kf7 34. Ng3 Ke7 35. Nh5 Kf7 36. Ng3 Ke7 37. Nh5 Kf7 {Accuracy: White = 84%, Black = 81%.} 1/2-1/2

[Event "FIDE Chesscom Grand Swiss 2019"]
[Site "Douglas-Isle of Man"]
[Date "2019.10.14"]
[Round "5.26"]
[White "Soumya, Swaminathan"]
[Black "Alekseev, Evgeny"]
[Result "0-1"]
[WhiteElo "2365"]
[BlackElo "2629"]
[Annotator "RC"]
[PlyCount "66"]
[EventDate "2019.10.10"]
[EventType "swiss"]
[EventCountry "GBR"]
[SourceTitle "playchess.com"]
[Source "ChessBase"]
[SourceQuality "1"]
[TimeControl "40/6000+30:20/3000+30:900+30"]

1. e4 {[%emt 0:00:00]} e5 {[%emt 0:04:22]} 2. Nf3 {[%emt 0:00:00]} Nc6 {[%emt 0:00:12]} 3. d4 {[%emt 0:00:10]} exd4 {[%emt 0:00:25]} 4. Nxd4 {[%emt 0:00:02]} Nf6 {[%emt 0:02:52]} 5. Nxc6 {[%emt 0:00:06]} bxc6 {[%emt 0:00:19]} 6. e5 {[%emt 0:00:06]} Qe7 {[%emt 0:00:13]} 7. Qe2 {[%emt 0:00:04]} Nd5 {[%emt 0:00:03]} 8. h4 {[%emt 0:00:07]} a5 {[%emt 0:02:40]} 9. c4 {[%emt 0:13:56]} Qb4+ {[%emt 0:08:21]} 10. Nd2 {[%emt 0:09:11]} Nf4 {[%emt 0:01:24]} 11. Qe4 {[%emt 0:11:30]} Ne6 {[%emt 0:01:40]} 12. Rh3 {[%emt 0:03:05]} a4 {[%emt 0:02:23]} 13. f4 {[%emt 0:14:08]} g6 {[%emt 0:13:51]} 14. h5 {[%emt 0:04:00]} Bb7 {[%emt 0:01:52]} 15. hxg6 {[%emt 0:14:00]} fxg6 {[%emt 0:00:24]} 16. Rc3 {[%emt 0:01:15]} Bc5 {[%emt 0:10:44]} 17. a3 {[%emt 0:18:07]} Qb6 {[%emt 0:10:22]} 18. Nf3 {[%emt 0:08:05]} Bf2+ {[%emt 0:07:00]} 19. Kd1 {[%emt 0:00:01]} c5 {[%emt 0:01:10]} 20. Qe2 {[%emt 0:03:33]} Bd4 {[%emt 0:03:46]} 21. Rd3 {[%emt 0:01:57]} O-O {[%emt 0:06:58]} 22. g3 {[%emt 0:00:16]} Rae8 {[%emt 0:01:21]} 23. Bg2 {[%emt 0:04:43]} d6 {[%emt 0:01:56]} 24. Rb1 {[%emt 0:01:24]} Qa6 {[%emt 0:05:25]} 25. b3 {[%emt 0:00:24]} Qa8 {[%emt 0:10:46]} 26. bxa4 {[%emt 0:01:27]} Bc6 {[%emt 0:01:48]} 27. Be3 {[%emt 0:01:15]} dxe5 {[%emt 0:01:03]} 28. Bxd4 {[%emt 0:00:26]} e4 {[%emt 0:04:18]} 29. Be5 {[%emt 0:00:28]} exd3 {[%emt 0:00:19]} 30. Qe3 {[%emt 0:00:15]} Qxa4+ {[%emt 0:02:14]} 31. Ke1 {[%emt 0:00:02]} Qc2 {[%emt 0:00:33]} 32. Rb2 {[%emt 0:00:02]} Qxb2 {[%emt 0:00:51]} 33. Bxb2 {[%emt 0:00:11]} Nxf4 {[%emt 0:00:07]} 0-1

[Event "FIDE Chesscom Grand Swiss 2019"]
[Site "Douglas-Isle of Man"]
[Date "2019.10.14"]
[Round "5.27"]
[White "Robson, Ray"]
[Black "Deac, Bogdan-Daniel"]
[Result "1/2-1/2"]
[WhiteElo "2670"]
[BlackElo "2613"]
[Annotator "TA"]
[PlyCount "140"]
[EventDate "2019.10.10"]
[EventType "swiss"]
[EventCountry "GBR"]
[SourceTitle "playchess.com"]
[Source "ChessBase"]
[SourceQuality "1"]

{[%evp 15,140,25,55,12,29,19,12,8,8,11,14,0,10,0,0,-5,0,-10,-9,-12,-10,-16,-15,-12,0,0,11,0,9,5,33,35,35,30,33,26,75,75,87,56,64,11,13,11,11,23,56,54,46,54,59,48,79,21,31,13,14,7,7,5,4,0,0,0,0,0,0,0,0,0,0,0,1,5,6,8,6,8,27,27,27,36,122,0,26,26,27,25,66,66,78,75,76,66,66,66,99,67,68,0,18,0,0,0,0,0,0,0,0,0,0,0,0,0,0,0,0,0,0,0,0,0,0,0,0,0,0]} 1. e4 e5 2. Nf3 Nf6 3. Nxe5 d6 4. Nf3 Nxe4 5. d4 d5 6. Bd3 Bf5 7. O-O Be7 8. Re1 O-O 9. Nbd2 {[%cal Rd2e4,Bb1d2,Bd2f1,Bf1g3][%mdl 32] C42: Petroff Defence: 3 Nxe5 and unusual White 3rd moves} (9. c4 Nc6 10. cxd5 Qxd5 11. Nc3 Nxc3 12. bxc3 Bxd3 13. Qxd3 Rae8 14. Rb1 b6 15. Bf4 Bd6 16. Ng5 f5 17. Rxe8 Rxe8 {½-½ (42) Anand,V (2756)-So,W (2776) Saint Louis 2019}) 9... Nd6 $1 10. Nf1 c6 $146 ({Predecessor:} 10... Nd7 11. Ng3 Bxd3 12. Qxd3 Re8 13. Bf4 c6 14. b3 Nf8 15. c4 Ne6 {½-½ (30) Sevian,S (2613)-Akobian,V (2647) Saint Louis 2018}) 11. Bf4 {Bxd6 is the strong threat.} Bxd3 12. Qxd3 Na6 {[%cal Bb8a6,Ba6c7,Bc7e6][%mdl 32]} 13. Ng3 Nc7 14. b3 Ne6 15. Be5 Re8 16. c4 f6 17. cxd5 cxd5 18. Bxd6 $1 Bxd6 19. Re3 Bf4 20. Re2 Bxg3 21. hxg3 Qd7 22. Qf5 $36 {[%mdl 2048] White fights for an advantage.} Nf8 23. Qxd7 Nxd7 24. Rxe8+ Rxe8 $14 {[%mdl 4096] Endgame KRN-KRN} 25. Rc1 Rb8 26. Rc7 Nf8 27. b4 a6 28. a4 (28. Kf1 $14) 28... Ne6 $11 29. Re7 Nd8 $1 30. Rd7 b5 31. axb5 axb5 32. Ne1 Ne6 33. Rxd5 Rc8 34. Rd6 ({Don't play} 34. Rxb5 Rc1 $11) (34. Nd3 $16) 34... Kf7 35. d5 Nd4 36. Nd3 {Threatening Rd7+.} Ke7 37. Ra6 {White wants to play d6+.} Rd8 $1 38. Nf4 Rd6 39. Ra7+ Rd7 40. Ra6 Rd6 41. Ra2 g5 42. Rd2 Nb3 43. Re2+ Kf7 44. Re6 Rxd5 {[%mdl 64] Remove Defender} 45. Nxd5 Kxe6 {KN-KN} 46. Nc7+ Ke5 47. Nxb5 Nc1 48. Nc7 Kd6 {[#]} ({Black should try} 48... Ne2+ $14 49. Kf1 Nd4) 49. Nb5+ (49. Ne8+ $1 $16 Ke7 50. Ng7) 49... Kd5 50. Nc3+ Kd4 $1 {[%cal Rd4c3]} 51. Na4 Nd3 52. b5 Nc5 {[#]} 53. Nb6 $1 f5 54. Kf1 Ne6 55. Nc8 Kd5 56. b6 {Strongly threatening b7.} Kc6 $1 57. Ke2 f4 {The position is equal.} 58. gxf4 Nxf4+ 59. Kf3 h5 60. g3 Ne6 61. Ke4 h4 {Threatens to win with ...h3.} 62. Kf3 Nc5 63. Kg4 Nd3 64. gxh4 gxh4 65. f4 h3 {[%mdl 64] And now ...h2 would win. Decoy} 66. Kxh3 Nxf4+ 67. Kg4 Nd5 68. Kf5 Ne7+ 69. Ke6 Nxc8 70. b7 Kxb7 {Accuracy: White = 55%, Black = 62%.} 1/2-1/2

[Event "FIDE Chesscom Grand Swiss 2019"]
[Site "Douglas-Isle of Man"]
[Date "2019.10.14"]
[Round "5.27"]
[White "Esipenko, Andrey"]
[Black "Cramling, Pia"]
[Result "1-0"]
[WhiteElo "2624"]
[BlackElo "2462"]
[Annotator "RC"]
[PlyCount "99"]
[EventDate "2019.10.10"]
[EventType "swiss"]
[EventCountry "GBR"]
[SourceTitle "playchess.com"]
[Source "ChessBase"]
[SourceQuality "1"]
[TimeControl "40/6000+30:20/3000+30:900+30"]

1. d4 {[%emt 0:00:00]} Nf6 {[%emt 0:00:00]} 2. c4 {[%emt 0:00:00]} e6 {[%emt 0:00:00]} 3. g3 {[%emt 0:00:00]} Bb4+ {[%emt 0:03:39]} 4. Bd2 {[%emt 0:02:13]} c5 {[%emt 0:00:07]} 5. Bxb4 {[%emt 0:02:03]} cxb4 {[%emt 0:00:06]} 6. Bg2 {[%emt 0:00:44]} O-O {[%emt 0:00:21]} 7. Nf3 {[%emt 0:01:35]} d6 {[%emt 0:00:29]} 8. O-O {[%emt 0:01:09]} Nc6 {[%emt 0:00:35]} 9. a3 {[%emt 0:01:03]} Bd7 {[%emt 0:07:58]} 10. e3 {[%emt 0:07:07]} a5 {[%emt 0:09:32]} 11. Qe2 {[%emt 0:02:08]} Qb6 {[%emt 0:04:44]} 12. Rd1 {[%emt 0:04:02]} Rfe8 {[%emt 0:13:48]} 13. axb4 {[%emt 0:12:02]} Nxb4 {[%emt 0:01:45]} 14. Nc3 {[%emt 0:05:47]} Qa6 {[%emt 0:07:19]} 15. b3 {[%emt 0:07:23]} Bc6 {[%emt 0:07:52]} 16. e4 {[%emt 0:09:00]} d5 {[%emt 0:07:29]} 17. e5 {[%emt 0:05:48]} Nd7 {[%emt 0:00:18]} 18. Bf1 {[%emt 0:00:26]} b6 {[%emt 0:14:04]} 19. Ng5 {[%emt 0:03:38]} Qb7 {[%emt 0:00:00]} 20. cxd5 {[%emt 0:00:32]} exd5 {[%emt 0:00:00]} 21. Qb2 {[%emt 0:14:52]} f6 {[%emt 0:02:39]} 22. exf6 {[%emt 0:00:20]} Nxf6 {[%emt 0:00:13]} 23. Nf3 {[%emt 0:00:19]} Rac8 {[%emt 0:07:31]} 24. Ne5 {[%emt 0:04:12]} Bd7 {[%emt 0:00:30]} 25. Rac1 {[%emt 0:01:00]} Bf5 {[%emt 0:01:33]} 26. Nb5 {[%emt 0:01:27]} Qb8 {[%emt 0:01:08]} 27. Rxc8 {[%emt 0:05:15]} Rxc8 {[%emt 0:00:07]} 28. Rc1 {[%emt 0:00:45]} h6 {[%emt 0:02:02]} 29. f3 {[%emt 0:01:18]} Rxc1 {[%emt 0:01:29]} 30. Qxc1 {[%emt 0:00:04]} Qc8 {[%emt 0:00:07]} 31. Qe3 {[%emt 0:01:00]} Bd7 {[%emt 0:04:48]} 32. Nc3 {[%emt 0:02:15]} Nc2 {[%emt 0:03:43]} 33. Qd2 {[%emt 0:01:04]} Nb4 {[%emt 0:00:04]} 34. h4 {[%emt 0:03:09]} Bh3 {[%emt 0:03:00]} 35. Bb5 {[%emt 0:00:58]} Bd7 {[%emt 0:00:41]} 36. Bf1 {[%emt 0:02:20]} Bh3 {[%emt 0:00:25]} 37. Be2 {[%emt 0:00:47]} Bf5 {[%emt 0:00:57]} 38. g4 {[%emt 0:00:27]} Bc2 {[%emt 0:00:59]} 39. Bb5 {[%emt 0:03:15]} Qd8 {[%emt 0:04:28]} 40. Ba4 {[%emt 0:05:17]} Nh7 {[%emt 0:01:14]} 41. Qf4 {[%emt 0:17:00]} Qf8 {[%emt 0:08:41]} 42. Qh2 {[%emt 0:03:27]} Qc8 {[%emt 0:12:10]} 43. Bd7 {[%emt 0:01:33]} Qd8 {[%emt 0:13:47]} 44. Be6+ {[%emt 0:02:23]} Kf8 {[%emt 0:00:05]} 45. Qf4+ {[%emt 0:01:14]} Nf6 {[%emt 0:01:03]} 46. g5 {[%emt 0:00:20]} hxg5 {[%emt 0:07:55]} 47. hxg5 {[%emt 0:00:33]} Qe8 {[%emt 0:05:05]} 48. Nd7+ {[%emt 0:06:10]} Ke7 {[%emt 0:00:11]} 49. Nxf6 {[%emt 0:00:41]} Qd8 {[%emt 0:00:36]} 50. Qe5 {[%emt 0:01:33]} 1-0